000 00657nam a2200229Ia 4500
003 OSt
005 20220928120822.0
006 a|||||r|||| 00| 0
007 ta
008 220927b |||||||| |||| 00| 0 eng d
024 _a30416
037 _cTextual
040 _aSDCL
_cSDCL
_beng
041 _2eng
_aeng
082 _aG116:6, M4
100 _aEmlen John Merritt
_9451289
245 0 _aPopulation biology ; The coevolution of population dynamics and behavior.
260 _aNew York
_b Macmillan Publishing
_c1984
300 _axii,547p
_ccm.
942 _hG116:6, M4
_cTEXL
_2CC
999 _c765368
_d765368